000 00493nam a22001457a 4500
999 _c532888
_d532888
008 260330b ||||| |||| 00| 0 eng d
100 _aPillai, Sohini Sarah and Mahabharatas, Krishna’s
_959891
245 _aDevotional retellings of an epic narrative,
260 _aSocial Scientist
300 _a 53(9-10), Sep-Oct, 2025: p.75-82
520 _aOxford university press, 2024, xiv+278, Rs. 1095. – Reproduced
773 _aSocial Scientist
906 _aBOOK REVIEW
942 _cAR